|
|
|
|
| LEADER |
00000nam a2200000 a 4500 |
| 001 |
vtls001287462 |
| 003 |
SK-MaSNL |
| 005 |
20260301155355.0 |
| 008 |
251113s1890 HU a 0 hun |
| 020 |
|
|
|c 230,00
|
| 035 |
|
|
|a SNK000239042
|
| 040 |
|
|
|a SNK
|b slo
|c SNK
|e AACR2
|
| 041 |
0 |
|
|a hun
|
| 044 |
|
|
|a HU
|
| 080 |
|
|
|a 910.4(211)(091)
|2 1981
|
| 100 |
1 |
|
|a Simonyi, Jenö
|4 aut
|9 519530
|
| 245 |
1 |
|
|a A sarkvidéki fölfedezések története
|c irta Simonyi Jenö
|
| 260 |
|
|
|a Budapest
|b Természettudományi társulat
|c 1890
|e [Budapest]
|f Franklin
|
| 300 |
|
|
|a viii, 312 s.
|c 20 cm
|
| 490 |
1 |
|
|a Természettudományi könyvkiadó-vállalat
|v köt. 39
|
| 650 |
0 |
7 |
|a polárne expedície
|2 SNKPH
|9 56919
|
| 650 |
0 |
7 |
|a dejiny
|2 SNKPH
|9 3825
|
| 651 |
|
7 |
|a geografický severný pól Zeme
|2 SNKPHgeo
|9 86797
|
| 830 |
|
0 |
|a Természettudományi könyvkiadó-vállalat
|9 519531
|
| 958 |
|
|
|a ONDV
|
| 999 |
|
|
|c 800723
|d 802653
|
| 952 |
|
|
|t P60, <04>, [BOOK], {604}
|a SNK
|b SNK
|y VYP
|7 0
|p 17A0069959
|o snkID 96125
|i snkK 499/97
|0 0
|1 0
|4 0
|d 1997-05-19
|l 0
|r 2005-01-02 00:00:00
|w 2026-02-24
|